| 000 | 00401nam a22001457a 4500 | ||
|---|---|---|---|
| 008 | 250703b |||||||| |||| 00| 0 eng d | ||
| 020 | _a9780241339923 | ||
| 050 |
_aQK 49 _b.J67 |
||
| 100 | _aJose Sarah | ||
| 245 | _aOur World in Pictures Trees, Leaves, Flowers and Seeds | ||
| 260 |
_aLondon _bDorling Kindersley Limited _c2019 |
||
| 300 | _a192p. | ||
| 650 | _aPlants- Encyclopaedia | ||
| 942 | _cBK | ||
| 999 |
_c4115 _d4115 |
||